Представление документа в формате MARC21

Поле Инд. ПП Название Значение
Тип записи a
Библиографический уровень b
001 Контрольный номер RU/IS/BASE/287506291
005 Дата корректировки 20200528185501.9
008 Кодируемые данные 20090209
040 b Код языка каталог. rus
e Правила каталог. PSBO
041 0_ a Код языка текста rus
084 a Индекс другой классификации/Индекс ББК 65.291.592в6
100 1_ a Автор Бродецкий Г. Л.
245 10 a Заглавие Особенности оптимизации цепей поставок в условиях неопределенности
504 a Библиография Лит. в конце статьи
650 a Основная рубрика логистика
a Основная рубрика экономика
a Основная рубрика экономика предприятия
653 1_ a Ключевые слова Гермейера критерий
a Ключевые слова логистические системы
a Ключевые слова менеджмент
a Ключевые слова модели управления
a Ключевые слова Сэвиджа критерий
a Ключевые слова управление запасами
a Ключевые слова управление рисками (риск-менеджмент)
a Ключевые слова управление цепями поставок
a Ключевые слова цепи поставок
700 a Автор Бродецкая Н. Г.
700 1_ a Автор Гусев Д. А.
773 0_ t Заглавие источника РИСК: ресурсы, информация, снабжение, конкуренция
d Дата издания источника 2008
g Прочая информация № 4. - С. 33 - 40 : табл., граф., расчет.
w Контрольный № источника RU/IS/BASE/286471778
901 t Тип документа b